01299nam a22003374a 4500001001200000003000800012006001900020007001500039008004100054010001700095020001500112040002100127035002000148050003000168082001200198245009900210260004800309300002300357490003000380504006200410533015200472610003300624610001600657650002700673650002300700655002900723710001700752830004900769856012600818999001700944ebr10023676CaPaEBRm u cr cn|||||||||020129s2002 dcua sb i001 0 eng  z 2002016816 z0821350951 aCaPaEBRcCaPaEBR a(OCoLC)5247435514aHG3881.5.W57bC478 2002eb04a35122100aCivil service reformh[electronic resource] :bstrengthening World Bank and IMF collaboration. aWashington, D.C. :bThe World Bank,cc2002. axii, 84 p. :bill.1 aDirections in development aIncludes bibliographical references (p. 78-80) and index. aElectronic reproduction.bPalo Alto, Calif. :cebrary,d2013.nAvailable via World Wide Web.nAccess may be limited to ebrary affiliated libraries.20aInternational Monetary Fund.20aWorld Bank. 0aInternational finance. 0aDevelopment banks. 7aElectronic books.2local2 aebrary, Inc. 0aDirections in development (Washington, D.C.)40uhttp://site.ebrary.com/lib/rucke/Doc?id=10023676zAn electronic book accessible through the World Wide Web; click to view c22706d22706